00403nam a22001577a 4500003000400000005001700004008004100021020001800062040000900080050002100089082002100110100001900131245004900150260003800199300000800237OSt20221111120001.0221104b ||||| |||| 00| 0 eng d a9789380902012 coclc a647.95068bROY/F a647.95068bROY/F aRoy, Anuradha  aFood and beverage management /cAnuradha Roy aJaipur:bAadi Publications,c2010 a335